00335 2200121 4500001002100000005001500021035002400036090002600060245002200086260005900108300003100167990001500198YOGYA00000000001782720140822191048 0010-081400000017545 aK 398.309598144 Sil T aSi TanuncSilasih aJakartabPusat Pembinaan dan Pengembangan Bahasac1997 avi, 66 hlm.bilus.c21 cm. a29818-A/98